000 00640nam a2200217Ia 4500
003 OSt
005 20221007080714.0
006 a|||||r|||| 00| 0
007 ta
008 221006b |||||||| |||| 00| 0 eng d
024 _a27,163
037 _cReports / Technical Reports
040 _aFLL
_cFLL
_beng
041 _2eng
_aeng
082 _aZ5vm, E2
245 0 _ageneral survey of events, sources, persons and movements in continental legal history
260 _aNew York
_bAugustus M. Kelley New
_c1968
300 _aliii,1-754p
_ccm.
942 _hZ5vm, E2
_cREP
_2CC
999 _c1160608
_d1160608